Determinants of Bank Fee Income in the EU Banking Industry - Does Market Concentration Matter?

Kľúčové determinanty príjmov z bánk a provízií v roku 2006.

Uložené v:
Podrobná bibliografia
Hlavný autor: Vozková, Karolína
Ďalší autori: Teplý, Petr
Médium: Kapitola
Jazyk:English
Predmet:
Tagy: Pridať tag
Žiadne tagy, Buďte prvý, kto otaguje tento záznam!

MARC

LEADER 00000naa a2200000 4500
001 0241649
005 20221019113250.2
041 0 |a eng 
044 |a CZ 
245 1 0 |a Determinants of Bank Fee Income in the EU Banking Industry - Does Market Concentration Matter?  |c Karolína Vozková, Petr Teplý 
520 |a Kľúčové determinanty príjmov z bánk a provízií v roku 2006. 
610 2 0 |a modely podnikateľské 
610 2 0 |a banky 
610 2 0 |a provízie 
610 2 0 |a Európska únia 
610 2 0 |a koncentrácia 
610 2 0 |a príjmy 
610 2 0 |a kapitál bankový 
100 1 |a Vozková, Karolína 
700 1 |a Teplý, Petr